<?xml version="1.0" encoding="UTF-8"?>
<collection xmlns="http://www.loc.gov/MARC21/slim">
 <record>
  <leader>00656pamaa2200157   4500</leader>
  <controlfield tag="001">0000023622</controlfield>
  <controlfield tag="005">20070104090000.0</controlfield>
  <datafield tag="020" ind1="0" ind2="0">
   <subfield code="a">0948275030 </subfield>
  </datafield>
  <datafield tag="090" ind1="0" ind2="0">
   <subfield code="a">PG2993 </subfield>
   <subfield code="b">MAY 1986</subfield>
  </datafield>
  <datafield tag="245" ind1="0" ind2="0">
   <subfield code="a">Love is the heart of everything : </subfield>
   <subfield code="b">correspondence between Vladimir Mayakovsky and Lili Brik 1915-1930  </subfield>
   <subfield code="c">edited by Bengt Jangfeldt; translated by Julian Graffy.</subfield>
  </datafield>
  <datafield tag="260" ind1="0" ind2="0">
   <subfield code="a">Edinburgh: </subfield>
   <subfield code="b">Polygon, </subfield>
   <subfield code="c">1986.</subfield>
  </datafield>
  <datafield tag="300" ind1=" " ind2=" ">
   <subfield code="a">294p.: </subfield>
   <subfield code="b">ill.; </subfield>
   <subfield code="c">23cm.</subfield>
  </datafield>
  <datafield tag="650" ind1="0" ind2="0">
   <subfield code="a">Mayakovsky, V.V. -- </subfield>
   <subfield code="x">Relations with women -- </subfield>
   <subfield code="x">Lili Ureevna  Brik -- </subfield>
   <subfield code="y">20th century </subfield>
  </datafield>
  <datafield tag="650" ind1="0" ind2="0">
   <subfield code="a">Brik, Lili Ureevna </subfield>
  </datafield>
  <datafield tag="650" ind1="0" ind2="0">
   <subfield code="a">Poets, Russian -- </subfield>
   <subfield code="x">Relationship with women -- </subfield>
   <subfield code="y">20th century </subfield>
  </datafield>
  <datafield tag="700" ind1="1" ind2="1">
   <subfield code="a">Jangfeldt, </subfield>
   <subfield code="h">Bengt </subfield>
  </datafield>
 </record>
</collection>
